Applied regression analysis

Gespeichert in:
Bibliographische Detailangaben
1. Verfasser: Draper, Norman R.
Weitere Verfasser: Smith, Harry
Format: Buch
Sprache:Englisch
Veröffentlicht: New York John Wiley & Sons 1998
Ausgabe:3rd ed.
Schriftenreihe:Wiley series in probability and statistics
Schlagworte:
Tags: Tag hinzufügen
Keine Tags, Fügen Sie das erste Tag hinzu!

MARC

LEADER 00000nam$a2200000$$$4500
001 0059992
005 20240111125113.7
020 |a 0-471-17082-8 
041 0 |a eng 
044 |a US 
245 1 0 |a Applied regression analysis  |c Norman R. Draper, Harry Smith 
250 |a 3rd ed. 
264 1 |a New York  |b John Wiley & Sons  |c 1998 
300 |a 706 s. 
490 1 |a Wiley series in probability and statistics 
830 0 |a Wiley series in probability and statistics 
610 2 0 |a analýza regresná 
610 2 0 |a regresia 
610 2 0 |a analýza štatistická 
610 2 0 |a korelácia 
610 2 0 |a modely 
610 2 0 |a odhady 
610 2 0 |a transformácia 
610 2 0 |a modely lineárne 
100 1 |a Draper, Norman R. 
700 1 |a Smith, Harry